La visión de los historiadores : (Record no. 22912)

000 -CABECERA
fixed length control field 01468nam a22002657i 4500
003 - IDENTIFICADOR DEL NÚMERO DE CONTROL
control field AR-CdUCM
008 - DATOS DE LONGITUD FIJA--INFORMACIÓN GENERAL
fixed length control field 240522b20222022 pe||||| |||| 00| 0 spa d
020 ## - NÚMERO INTERNACIONAL ESTÁNDAR DEL LIBRO
ISBN 978-612-49021-8-5
040 ## - FUENTE DE LA CATALOGACIÓN
Agencia/entidad que catalogó originalmente la obra MUNICIPALIDAD PROVINCIAL DEL CUSCO
Entidad que transcribió la catalogación BIBLIOTECA MUNICIPAL DEL CUSCO
082 ## - NÚMERO DE LA CLASIFICACIÓN DECIMAL DEWEY
No. de Clasificación 984.001 / G15
Notacion interna G15
100 ## - ENTRADA PRINCIPAL--NOMBRE DE PERSONA
Nombre Personal Dager Alva, Joseph.
245 ## - MENCIÓN DE TÍTULO
Título La visión de los historiadores :
Resto del título Desde los orígenes republicanos hasta su proyección actual /
260 ## - PUBLICACIÓN, DISTRIBUCIÓN, ETC.
Lugar de publicación, distribución, etc. Lima :
Nombre de la editorial, distribuidor, etc. Ministerio de Cultura del Perú,
-- Proyecto Especial Bicentenario de la Independencia del Perú,
Fecha de publicación, distribución, etc. 2022
300 ## - DESCRIPCIÓN FÍSICA
Nº de Páginas Extensión 248 páginas. :
Dimensiones 21 cm.
500 ## - NOTA GENERAL
Bibliografía Bibliografía: páginas 259 - 281
505 ## - NOTA DE CONTENIDO CON FORMATO
Nota de contenido formateada La confección de una historia nacional en el siglo XIX -- Historia e historiadores -- La independencia como hecho fundacional de la nación -- El pasado reciente de la nación -- El pasado lejano -- Una mirada a la historiografía peruana contemporánea -- La historia que se escribió en la primera mitad del siglo XX -- El escenario del siglo XXI
650 ## - PUNTO DE ACCESO ADICIONAL DE MATERIA--TÉRMINO DE MATERIA
Descriptor La confección de una historia nacional en el siglo XIX
9 (RLIN) 49920
650 ## - PUNTO DE ACCESO ADICIONAL DE MATERIA--TÉRMINO DE MATERIA
Descriptor La independencia como hecho fundacional de la nación
9 (RLIN) 49921
650 ## - PUNTO DE ACCESO ADICIONAL DE MATERIA--TÉRMINO DE MATERIA
Descriptor Una mirada a la historiografía peruana contemporánea
9 (RLIN) 49922
650 ## - PUNTO DE ACCESO ADICIONAL DE MATERIA--TÉRMINO DE MATERIA
Descriptor El escenario del siglo XXI
9 (RLIN) 49923
700 ## - PUNTO DE ACCESO ADICIONAL--NOMBRE DE PERSONA
Nombre Personal Liliana Regalado de Hurtado.
9 (RLIN) 49924
856 ## - LOCALIZACIÓN Y ACCESO ELECTRÓNICOS
Dirección electrónica www.bicentenario.gob.pe/biblioteca
942 ## - ELEMENTOS DE PUNTO DE ACCESO ADICIONAL (KOHA)
Fuente de clasificación
Tipo de item Libros-BMC
945 ## - PROCESAMIENTO DE INFORMACIÓN LOCAL (OCLC)
Catalogador pbj
AAAA-MM-DD - Fecha de ingreso o modificacion 2024-05-22
Holdings
Estado de retiro (separado) Fuente de clasificación o esquema de estanterías Estado dañado Ubicación Sala donde se ubica Nombre de la colección Fecha de adquisición o compra Fuente de adquisición Costo, precio normal en soles Signatura topográfica Código de Barras Última vez visto (Koha) Tipo de ítem (Koha)
No     Sala Humanidades Sala Humanidades Book Cart 2024-05-22 Depósito Legal 20.00 984.001 / G15 SH0000016749 2024-05-22 Libros-BMC

Powered by Koha